000 01019cad a22002055a 4500
001 L149690
008 100409u2010 xxk g 000 0 eng d
035 _a(Sirsi) u149690
041 0 _aeng
050 _a338.4569 $2 18
110 2 _aDanish Technological Institute
_95837
245 0 0 _aFuture qualification and skills needs in the construction sector
260 _aTaastrup
_bDanish Technological Institute
_c2009
520 _aStudy analysing the future needs for skills and competencies in the construction sector across Europe; training needs; skills shortages; how the sector will embrace new technology and innovations to develop its competitiveness.
590 _aKA NTK
651 4 _aEurope
690 _aBUILT ENVIRONMENT
856 4 0 _uhttp: //ec.europa.eu/enterprise/sectors/construction/files/qualification-and-skills/final-report-july-2009_en.pdf
_z View the website free of charge at http://ec.europa.eu/enterprise/sectors/construction/competitiveness/qualification-and-skills_en.htm
942 _n0
999 _c120843
_d120843